| 000 | 00542nam a2200193 i 4500 | ||
|---|---|---|---|
| 001 | bg | ||
| 245 | 0 |
_aRiver conservation and management / _ced. by P.J. Boon, P. Calow, G.E. Peets. |
|
| 260 |
_aChichester : _bJohn Wiley, _c1993. |
||
| 300 |
_aXIV, 470 s. : _bfot. kolor., rys., wykr. ; _c25 cm. |
||
| 650 | 9 | _aRzeki | |
| 650 | 9 | _aŚrodowisko człowieka | |
| 020 | _a0471929468 | ||
| 040 | _cBPK | ||
| 041 | _apol | ||
| 080 | _a574.5:556.5:504.4 | ||
| 920 | _a0-471-92946-8 | ||
| 942 | _cKS | ||
| 008 | s pl f |000 0 pol | ||
| 999 |
_c30132 _d30132 |
||
| 856 |
_uhttp://koha.tu.koszalin.pl/cgi-bin/koha/opac-detail.pl?biblionumber=30132 _yKatalog online BPK |
||